| 000 | 00962nam a22001817a 4500 | ||
|---|---|---|---|
| 999 |
_c63622 _d63622 |
||
| 003 | Ge_BSU | ||
| 005 | 20251117172424.0 | ||
| 008 | 251117s2006 ge ||||| |||| 00| 0 geo d | ||
| 041 | _ageo | ||
| 080 | _a336.563.1(075) :378.3 : 657.6 ს-27 | ||
| 245 |
_aსაუკუნის პროექტი და 40 მილიონიანი გრანტის ხარჯვის მონიტორინგი / _c[სარედ. კოლ.: ხათუნა ყვირალაშვილი [და სხვ.]]. |
||
| 264 |
_aთბ. : _b[საქ. ახალგაზრდა იურისტთა ასოციაცია], _c2006. |
||
| 300 |
_a156 გვ. : _bცხრ. ; _c21 სმ. |
||
| 501 | _aდანართები: გვ. 98-156. | ||
| 653 | _aგრანტები | ||
| 700 |
_aყვირალაშვილი, ხათუნა _eრედაქტორი _926242 |
||
| 942 |
_2udc _cᲬᲘᲒᲜᲘ |
||